Movies Quiz

Random Movies or Nominee Quiz

Films That Lost The Oscars Quiz Stats

 Plays Quiz not verified by Sporcle

Challenge
Share
Tweet
Embed
Score 0/50 Timer 10:00
0 Plays Today
Bet Pitue Nminee Best Picture Nominee % Correct
VING PRIVTE RYNSaving Private Ryan
80.8%
MIIIPPI BUNINGMississippi Burning
80.8%
ZE DK THITYZero Dark Thirty
76.9%
THE IL NETWKThe Social Network
76.9%
MICHEL CLYTNMichael Clayton
76.9%
MULIN UGEMoulin Rouge
76.9%
L NFIDENTILLA Confidential
76.9%
GDFELLGoodfellas
76.9%
MRoom
73.1%
THE KID E LL IGHTThe Kids Are All Right
73.1%
THE UIU E F BENJMIN BUTTNThe Curious Case of Benjamin Button
73.1%
BBELBabel
73.1%
BBEBabe
73.1%
M WITH VIEWA Room With a View
73.1%
BYHDBoyhood
69.2%
THE EMIN F THE DYThe Remains of the Day
69.2%
HWD ENDHoward's End
69.2%
THE L PUPLEThe Color Purple
69.2%
TNEMENTAtonement
65.4%
HILDEN F LEE GDChildren of a Lesser God
65.4%
EIN BKVIHErin Brockovich
61.5%
THE HWHNK EDEMPTINThe Shawshank Redemption
61.5%
DED PET IETYDead Poets Society
61.5%
NEBKNebraska
53.8%
LT IN TNLTINLost in Translation
53.8%
Bet Pitue Nminee Best Picture Nominee % Correct
ENT F WMNScent of a Woman
53.8%
HUGHugo
50%
FTL TTINFatal Attraction
50%
MYTI IVEMystic River
46.2%
TFFITraffic
46.2%
THE PINThe Piano
46.2%
GHTGhost
46.2%
THE IDE HUE ULEThe Cider House Rules
38.5%
MEIN NIPEAmerican Sniper
34.6%
FGFargo
34.6%
THE IDENTL TUITThe Accidental Tourist
34.6%
THE MTINThe Martian
30.8%
HEHer
30.8%
THE EDEThe Reader
30.8%
THE PINITThe Pianist
30.8%
MNTUKMoonstruck
30.8%
VTAvatar
26.9%
BDT NEWBroadcast News
26.9%
YRay
23.1%
PTECapote
19.2%
THE HUThe Hours
19.2%
EIU MNA Serious Man
15.4%
W HEWar Horse
11.5%
THE VITThe Aviator
11.5%
HLTChocolat
7.7%

You're not logged in!

Compare scores with friends on all Sporcle quizzes.
Join for Free
OR
Log In

You Might Also Like...

Show Comments

Extras

Top Quizzes Today


Score Distribution

Your Account Isn't Verified!

In order to create a playlist on Sporcle, you need to verify the email address you used during registration. Go to your Sporcle Settings to finish the process.

Report this User

Report this user for behavior that violates our Community Guidelines.

Details: